000 00504nam a2200193Ia 4500
005 20251020182617.0
008 200515s9999 xx 000 0 und d
082 _aSC/694.7/I61
110 _aInstituto Técnico de Capacitación y Productividad
245 0 _aManual de ebanistería
260 _aGuatemala
260 _c1979
300 _a29
520 _aManual básico de ebanistería para principiantes
650 _aEBANISTERIA
650 _aMANUALES
650 _aPUB INTECAP
942 _cLIB
999 _c3532
_d3532